Kultowe polskie seriale komediowe - Statystyki

Ogólne statystyki
  • Ten quiz został rozwiązany 233 razy
  • Średni wynik to 6 z 16
Statystyki odpowiedzi
Rok Stacja tv Serial % Poprawnych
1999-2020 Polsat Świat według Kiepskich
78%
1998-2003 Polsat Miodowe lata
66%
1997–1998 Canal+/Polsat 13 posterunek
59%
2006–2009,2011–2016 TVP1 Ranczo
58%
2011-2020 TVP2 Rodzinka.pl
52%
1999-2009 Polsat Rodzina zastępcza/rodzina zastępcza plus
43%
1986 TVP1 Alternatywy 4
41%
1975-1978 TVP1 Czterdziestolatek
35%
2003–2009 Polsat Daleko od noszy
30%
2000–2005 TVP1 Lokatorzy
29%
2003–2008 TVP1 Sąsiedzi
29%
1965–1966 TVP1 Wojna Domowa
28%
2005-2009 TVN Niania
27%
1987-1988 TVP1 Zmiennicy
26%
2000-2009 TVP2 Święta wojna
15%
2000 Canal+/TVN 13 posterunek 2
12%
Nie znaleziono quizów pasujących do podanych kryteriów
Rozkład punktacji
Procent ludzi z każdym wynikiem
Percentyl według liczby udzielonych odpowiedzi
Twoja historia wyników
Nie rozwiązałeś tego quizu